Artists Who Have Reached 100 Million Monthly Listeners On Spotify - Statistics

General Stats
  • This quiz has been taken 38 times
  • The average score is 8 of 14
Answer Stats
Peak Listeners Artist % Correct
116,229,071 Taylor Swift
92%
121,327,846 Bad Bunny
78%
126,192,069 The Weeknd
75%
151,079,821 Bruno Mars
72%
102,809,026 Ed Sheeran
67%
124,637,761 Lady Gaga
64%
112,091,210 Kendrick Lamar
58%
123,488,891 Justin Bieber
56%
126,970,279 Ariana Grande
53%
108,297,865 Billie Eilish
44%
106,345,659 Rihanna
42%
101,505,654 Coldplay
31%
103,891,529 Mariah Carey
19%
100,120,416 Sia
8%
No matching quizzes found
Score Distribution
Percent of People with Each Score
Percentile by Number Answered
Your Score History
You have not taken this quiz